000 01448nam a2200301 a 4500
001 BRCA_3273
005 20190320204211.0
008 130309s1842----enka---###---#000-0#eng-#
041 _aeng
044 _aenk
084 _a574
_b.D35
_c1842
100 1 _aCervantes Saavedra, Miguel de
_d1547-1616
_9213
245 1 0 _aDon Quixote de la Mancha
_cTranslated from the Spanish of Miguel de Cervantes Saavedra.
260 _aLondres
_bCharles Daly
_c1842
300 _a1 v. en 2 partes (viii, 507 p.)
_bil.
_c23 cm.
500 _aContenido : v.1. Primera parte. Prefacio del editor. Vida de Cervantes. Prólogo del autor. Segunda parte. Dedicatoria y prólogo del autor
500 _aTraducción anónima basada en la versión de Mary Smirke, con el mismo prefacio de la traductora y la biografía de Cervantes que tiene la edición modelo. Va adornada con láminas de Gilbert. Edición económica, pero bien impresa. Piel; planos orlados, lomos decorados con dorados; cortes dorados también Lúdovik Osterc
500 _aQM455
546 _aTexto en : inglés
650 1 4 _aNovela española
_yÉpoca clásica, 1500-1700
_9215
650 1 4 _aLiteratura española
_yÉpoca clásica, 1500-1700
_9216
650 1 4 _aNovela española
_ySiglo XVII
_9217
650 1 4 _aDon Quijote (Personaje ficticio)
_eNovela
_9218
700 1 _aGilbert
_eIlustrador
_98693
740 0 _aEl Ingenioso Hidalgo Don Quijote de la Mancha
902 _aQFM
942 _2lcc
_cB
999 _c3009
_d3009